| 000 -LEADER |
| fixed length control field |
00413cam a22001337a 4500 |
| 008 - FIXED-LENGTH DATA ELEMENTS--GENERAL INFORMATION |
| fixed length control field |
180718b1998 xxu||||| |||| 00| 0 eng d |
| 082 ## - DEWEY DECIMAL CLASSIFICATION NUMBER |
| Classification number |
A6x5433 J199 |
| 100 ## - MAIN ENTRY--PERSONAL NAME |
| Personal name |
Jaijee, Inderjit Singh |
| 245 ## - TITLE STATEMENT |
| Title |
Politics of genocide Punjab, 1984-1998 |
| Statement of responsibility, etc. |
by Inderjit Singh Jaijee |
| 260 ## - PUBLICATION, DISTRIBUTION, ETC. |
| Place of publication, distribution, etc. |
New Delhi |
| Name of publisher, distributor, etc. |
Ajanta |
| Date of publication, distribution, etc. |
1998 |
| 300 ## - PHYSICAL DESCRIPTION |
| Extent |
393p. |
| 650 ## - SUBJECT ADDED ENTRY--TOPICAL TERM |
| Topical term or geographic name entry element |
Punjab - History - 1984-1998 |
| 650 ## - SUBJECT ADDED ENTRY--TOPICAL TERM |
| Topical term or geographic name entry element |
Genocide - Sociological aspects |